| 000 | 00661cas a2200229 a 4500 | ||
|---|---|---|---|
| 005 | 20131127090108.0 | ||
| 008 | 040427c19909999enkar 0 0eng c | ||
| 020 | _a1841740888 | ||
| 041 | 0 | _aeng | |
| 080 | _a347(094.4) STA | ||
| 245 | 0 | 0 | _aBlackstone's statutes on family law : |
| 246 | 3 | 0 | _aFamily law |
| 260 |
_aOxford : _bOxford University Press _c2000. |
||
| 300 |
_a476 f. : _c23 cm. |
||
| 490 | 1 | _aBlackstone's statutes | |
| 500 | _aPreface : f. VII | ||
| 650 | 0 |
_aMarrëdhëniet në familje _zAnglia |
|
| 650 | 0 |
_aMarrëdhëniet në familje _zWales |
|
| 700 | 1 | _aOldham, Mika. | |
| 830 | 0 | _aBlackstone's statutes. | |
| 942 |
_2udc _cBK |
||
| 999 |
_c367 _d367 |
||